Barcelona agroturisme total : [guia] [guia]
Descripción Física:
46 p. : il., map. ; 21 x 21 cm
MARC
| LEADER | 00000nam a2200000Ia 4500 | ||
|---|---|---|---|
| 001 | 15532 | ||
| 008 | 160829s1999 xx 000 0 cat d | ||
| 080 | |a FU-38-21 | ||
| 245 | |a Barcelona agroturisme total : |b [guia] | ||
| 260 | |a [Barcelona] : |b Diputació de Barcelona, Institut d'Edicions, |c 1999 | ||
| 300 | |a 46 p. : |b il., map. ; |c 21 x 21 cm | ||
| 590 | |a A la portada: Barcelona, Agroturisme Total. | ||
| 590 | |a A la contracoberta: Agència de Promoció Turística. | ||
| 590 | |a Text multilingüe | ||
| 650 | 0 | |a Turisme rural |x Barcelona (Província) |x Guies |9 32868 | |
| 710 | 1 | |a Barcelona (Catalunya : Província). |b Agència de Promoció Turística |9 51387 | |
| 901 | |a Arxiu | ||
| 942 | |n 1 | ||
| 952 | |0 0 |1 0 |4 0 |6 FU3821 |7 1 |9 41875 |a Arxiu |b Arxiu |d 2016-12-01 |l 0 |o FU-38-21 |p 15532 |r 2016-12-01 00:00:00 |w 2016-12-01 |y ARXIU | ||
| 999 | |c 44322 |d 44322 | ||